000 00463nam a2200193Ia 4500
003 OSt
005 20251121162214.0
008 250729s1901 xx 000 0 und d
020 _a978-1017535525
040 _cAL
041 _aeng
082 _a371.2 JOYH
100 _aJoyce P W
_9224713
245 _aHandbook of school management & methods of teaching
260 _aBombay
_c1901
300 _a819p
650 _aEducation
_9224714
942 _2ddc
_cBED
999 _c236549
_d236549